00487nam a2200181Ia 450000500170000000800410001702000100005804000190006804100120008708200150009910000260011424500760014026000310021630000150024750400190026265000130028185000110029420230921091826.0131103s9999 xx 000 0 und d cRs.75 aLoreto College aEnglish a291.6bGAN aGandhi, Surjit Singh  aHistory of the Sikh Gurusb a comprehensive study cSurjit Singh Gandhi aDelhibGur Das Kapurc1978 axiv,642p.  aIncludes index aReligion aLCLIB